Loading...
Fishes around Indian ocean
| Main Author: | |
|---|---|
| Format: | Printed Book |
| Published: |
Daya Publishing House, Delhi
2009
|
| Subjects: |
| LEADER | 00521nam a2200193 4500 | ||
|---|---|---|---|
| 020 | |||
| 082 | |a 570.51467 BIS-F | ||
| 100 | |a Biswas, K P | ||
| 245 | |a Fishes around Indian ocean | ||
| 250 | |||
| 260 | |a Daya Publishing House, Delhi |c 2009 | ||
| 300 | |a 525 | ||
| 490 | |||
| 500 | |||
| 590 | |a Priya |b 2011-03-24 13:25:34 | ||
| 650 | |a Fishes in Indian ocean | ||
| 942 | |c BK | ||
| 999 | |c 98366 |d 98366 | ||
| 952 | |0 0 |1 0 |4 0 |6 570_514670000000000_BISF |7 0 |9 111834 |a AQU |b AQU |l 0 |o 570.51467 BIS-F |p AQU04862 |r 2019-09-25 |w 2019-09-25 |y BK | ||